| 000 | 00881nam a22002777a 4500 | ||
|---|---|---|---|
| 001 | 7451 | ||
| 003 | FISKH | ||
| 005 | 20250716103838.0 | ||
| 008 | 250716b cb ||||| |||| 00| 0 eng d | ||
| 020 | _a9781894431668 | ||
| 040 |
_aFISKH _beng _cFISKH _dFISKH |
||
| 050 | _aPZ7 | ||
| 082 | _a371.9 | ||
| 100 | _aSather, Kerry | ||
| 245 |
_aBe yourself / _cStory by Kerry Sather ; Pictures by David Mark |
||
| 260 |
_aAltona : _bYour Nickel's Worth Publishing, _c2011. |
||
| 300 |
_a26 unnumbered pages : _bcolor illustrations ; _c24 cm |
||
| 505 | _aG | ||
| 520 | _aA little bumblebee is not happy being himself sohe wonders what it would be like to be someone else. | ||
| 521 | 8 |
_a380
_bLexile estimate |
|
| 521 | 8 |
_aG
_bRaz-Plus |
|
| 650 |
_aSelf-Esteem _vBees Bumblebees |
||
| 700 |
_aMark, David _eillustrator |
||
| 942 |
_2ddc _cBK _n0 |
||
| 999 |
_c7451 _d7451 |
||